| 000 | 00531nam a2200169 4500 | ||
|---|---|---|---|
| 999 |
_c189075 _d189075 |
||
| 005 | 20220613111409.0 | ||
| 010 | _aENG-133235 | ||
| 020 |
_a978-93-5321-864-5 _c1500.00 |
||
| 035 | _aEN-116767 | ||
| 037 | _bDBAD/PUB | ||
| 082 | _a332.6324 | ||
| 245 | _aMastering Real Estate Valuation/ | ||
| 260 |
_aHooghly WB _bSyamales Datta _c2018 |
||
| 270 |
_a55/B, Ramsita Ghat Street, Bhadrakali _bHooghly WB _e712232 _msyamalesdatta@yahoo.in |
||
| 300 |
_avi,622p. _bIndex _c22cm(pbk) |
||
| 942 |
_2ddc _cEN _h332.6324 _mMAS |
||